Štatistika základných fondov, investičnej výstavby a technického rozvoja

Enregistré dans:
Détails bibliographiques
Auteur principal: Dmitrenková, Zuzana
Collectivité auteur: Vysoká škola ekonomická v Bratislave. Národohospodárska fakulta
Format: Livre
Langue:slovaque
Publié: Bratislava VŠE 1987
Édition:1. vyd.
Tags: Ajouter un tag
Pas de tags, Soyez le premier à ajouter un tag!

MARC

LEADER 00000nam a2200000 4500
001 c024669
005 20221219095304.0
041 0 |a slo 
044 |a SK 
245 1 0 |a Štatistika základných fondov, investičnej výstavby a technického rozvoja  |c Zuzana Dmitrenková 
250 |a 1. vyd. 
264 1 |a Bratislava  |b VŠE  |c 1987 
300 |a 253 s. 
100 1 |a Dmitrenková, Zuzana 
710 2 |a Vysoká škola ekonomická v Bratislave. Národohospodárska fakulta